00348nam a22000977a 4500008004100000020001500041082002100056245014800077260001700225300000800242230626b xxu||||| |||| 00| 0 eng d a9982260014 a337.07bMWE 2001 aCOMESAbImpact of Structural Adjustment Programmes on the Manufacturing Sector and Regional Economic Integration in Eastern and Southern Africa bCOMESAc2001 a80p